countries that end with -stan - Statistics

General Stats
  • This quiz has been taken 20 times
  • The average score is 7 of 7
Answer Stats
starts with Answer % Correct
a afghanistan
100%
p pakistan
100%
t turkmenistan
100%
u uzbekistan
100%
t tajikistan
95%
k kyrgyzstan
90%
k kazakhstan
70%
No matching quizzes found
Score Distribution
Percent of People with Each Score
Percentile by Number Answered
Your Score History
You have not taken this quiz